| 000 | 00745cam a2200169 4500 | ||
|---|---|---|---|
| 001 | X118193 | ||
| 008 | 020528n2002 000 0 eng u | ||
| 035 | _a(Sirsi) u118193 | ||
| 245 | _aR (on the application of Lemon Land Ltd) v Mayor and Burgesses of Hackney LBC) | ||
| 260 | _c2002 | ||
| 490 |
_aJournal of Planning and Environment Law _v[2002] JPL 405-409(5) |
||
| 520 | _aQBD 11 May 2001. Sale of land by local authority under Local Government Act 1972 s123(2). Whether a sum in respect of job creation could be treated as part of the consideration of the purchase price. | ||
| 650 | _aR V HACKNEY LBC EX P LEMON LAND LTD | ||
| 650 | _aLOCAL GOVERNMENT ACT 1972 S123(2) | ||
| 690 | _aPLANNING LAW AND PRACTICE-CASE LAW | ||
| 942 | _n0 | ||
| 999 |
_c70382 _d70382 |
||